000 00418nam a22001697a 4500
003 MPLRDC
005 20220104125642.0
008 210129b ||||| |||| 00| 0 eng d
082 _a947.47 TZBEX-82
100 _a藤子F.不二雄原著
245 _a管教糖果
_c
260 _a
_b大千
_c
300 _b
490 _a机器猫小叮当珍藏
650 _a哆啦A梦漫画
942 _cBK
_o947.47 TZBEX-82
999 _c29067
_d29057